Základy elektrotechniky pro pedagogické fakulty /

Uloženo v:
Podrobná bibliografie
Hlavní autoři: Krásný, Josef (Autor), Tomášková, Hana (Autor)
Médium: Kniha
Jazyk:čeština
Vydáno: Praha : Státní pedagogické nakladatelství, 1968
Vydání:2. vyd.
Témata:
On-line přístup: Získat plný text
Tagy: Přidat tag
Žádné tagy, Buďte první, kdo vytvoří štítek k tomuto záznamu!

MARC

LEADER 00000cam a2200000 4500
003 SK-BrCVT
005 20220617230213.0
008 080529s1968 cs e ||||||cze d
035 |a CVTIDW1447636 
040 |b slo  |a CVTI SR  |e AACR2 
041 0 |a cze 
044 |a cs 
080 |a 621.3  |2 UDC-MRF 
100 1 |a Krásný, Josef  |4 aut 
245 1 0 |a Základy elektrotechniky pro pedagogické fakulty /  |c Josef Krásný, Hana Tomášková 
250 |a 2. vyd. 
260 |a Praha :  |b Státní pedagogické nakladatelství,  |c 1968 
300 |a 198 s. 
653 1 |a elektrotechnika 
700 1 |a Tomášková, Hana  |4 aut 
910 |b A229797  |b A231162 
974 |f Knihy 
992 |a AUV 
999 |c 163127  |d 163127